The Review (Record no. 119077)

MARC details
000 -LEADER
fixed length control field 00636cas a22002055a 4500
001 - CONTROL NUMBER
control field L139218
008 - FIXED-LENGTH DATA ELEMENTS--GENERAL INFORMATION
fixed length control field 070724d19351956xxumr p 0 a0eng u
035 ## - SYSTEM CONTROL NUMBER
System control number (Sirsi) u139218
041 0# - LANGUAGE CODE
Language code of text/sound track or separate title eng
110 2# - MAIN ENTRY--CORPORATE NAME
Corporate name or jurisdiction name as entry element Society of Residential Appraisers
9 (RLIN) 5285
240 ## - UNIFORM TITLE
Uniform title Review
245 04 - TITLE STATEMENT
Title The Review
Remainder of title The Society of Residential Appraisers
260 ## - PUBLICATION, DISTRIBUTION, ETC.
Place of publication, distribution, etc. Chicago
Name of publisher, distributor, etc. The Society of Residential Appraisers
Date of publication, distribution, etc. 1935-1956
362 0# - DATES OF PUBLICATION AND/OR SEQUENTIAL DESIGNATION
Dates of publication and/or sequential designation 20(1) January 1954-22[9] September 1956
554 ## -
-- 12 per year
651 #4 - SUBJECT ADDED ENTRY--GEOGRAPHIC NAME
Geographic name United States
Chronological subdivision 1959-
690 ## - LOCAL SUBJECT ADDED ENTRY--TOPICAL TERM (OCLC, RLIN)
Topical term or geographic name as entry element PROPERTY-PROPERTY APPRAISAL AND VALUATION
785 00 - SUCCEEDING ENTRY
Title Residential Appraiser
942 ## - ADDED ENTRY ELEMENTS (KOHA)
Suppress in OPAC 0
Holdings
Withdrawn status Lost status Source of classification or shelving scheme Damaged status Not for loan Home library Current library Shelving location Date acquired Total Checkouts Full call number Barcode Date last seen Price effective from Koha item type
    Dewey Decimal Classification     London London Basement 24/07/2007   REAL ESTATE APPRAISER AND ANALYST 139218-1001 06/08/2019 06/08/2019 Journal